| 000 | 00922cam a22002895a 4500 | ||
|---|---|---|---|
| 001 | 14148454 | ||
| 005 | 20150319115607.0 | ||
| 008 | 051021s2005 nyu 000 0 eng | ||
| 020 | _a9780387305219 (softcover : alk. paper) | ||
| 020 | _a0387305211 (softcover : alk. paper) | ||
| 020 | _a0387306331 (ebook) | ||
| 040 |
_aDLC _cDLC _dDLC |
||
| 082 | 0 | 0 |
_222 _a697 _bHAI |
| 100 | 1 | _aHaines, Roger W. | |
| 245 | 1 | 0 |
_aControl systems for heating, ventilating, and air conditioning / _cRoger W. Haines, Douglas C. Hittle. |
| 250 | _a6th ed. | ||
| 260 |
_aNew York, NY : _bSpringer, _cc.2006. |
||
| 300 |
_aix, 366 p. : _bill. ; _c24 cm. |
||
| 650 |
_aHeating _xControl |
||
| 650 |
_aAir conditioning _xControl |
||
| 653 |
_bENGMEC _cMarch2015 |
||
| 655 |
_vreading book _934232 |
||
| 700 | 1 |
_aHittle, D. _q(Douglas) |
|
| 906 |
_a0 _bibc _corignew _d2 _eepcn _f20 _gy-gencatlg |
||
| 942 | _2ddc | ||
| 999 |
_c19077 _d19049 |
||